<?xml version="1.0" encoding="UTF-8"?><?xml-stylesheet type="text/xsl" href="static/style.xsl"?><OAI-PMH xmlns="http://www.openarchives.org/OAI/2.0/" xmlns:xsi="http://www.w3.org/2001/XMLSchema-instance" xsi:schemaLocation="http://www.openarchives.org/OAI/2.0/ http://www.openarchives.org/OAI/2.0/OAI-PMH.xsd"><responseDate>2026-04-17T03:47:21Z</responseDate><request verb="GetRecord" identifier="oai:www.recercat.cat:10459.1/466843" metadataPrefix="marc">https://recercat.cat/oai/request</request><GetRecord><record><header><identifier>oai:recercat.cat:10459.1/466843</identifier><datestamp>2025-09-15T18:28:25Z</datestamp><setSpec>com_2072_3622</setSpec><setSpec>col_2072_479130</setSpec></header><metadata><record xmlns="http://www.loc.gov/MARC21/slim" xmlns:dcterms="http://purl.org/dc/terms/" xmlns:xsi="http://www.w3.org/2001/XMLSchema-instance" xmlns:doc="http://www.lyncode.com/xoai" xsi:schemaLocation="http://www.loc.gov/MARC21/slim http://www.loc.gov/standards/marcxml/schema/MARC21slim.xsd">
   <leader>00925njm 22002777a 4500</leader>
   <datafield ind2=" " ind1=" " tag="042">
      <subfield code="a">dc</subfield>
   </datafield>
   <datafield ind2=" " ind1=" " tag="720">
      <subfield code="a">Camps-Sague, Francesc</subfield>
      <subfield code="e">author</subfield>
   </datafield>
   <datafield ind2=" " ind1=" " tag="720">
      <subfield code="a">Bosch Serra, Àngela D.</subfield>
      <subfield code="e">author</subfield>
   </datafield>
   <datafield ind2=" " ind1=" " tag="720">
      <subfield code="a">Cifuentes-Almeida, Alicia Daniela</subfield>
      <subfield code="e">author</subfield>
   </datafield>
   <datafield ind2=" " ind1=" " tag="720">
      <subfield code="a">Boixadera-Bosch, Montserrat Maria</subfield>
      <subfield code="e">author</subfield>
   </datafield>
   <datafield ind2=" " ind1=" " tag="720">
      <subfield code="a">Domingo-Olivé, Francesc</subfield>
      <subfield code="e">author</subfield>
   </datafield>
   <datafield ind2=" " ind1=" " tag="260">
      <subfield code="c">2024-09-10</subfield>
   </datafield>
   <datafield ind2=" " ind1=" " tag="520">
      <subfield code="a">Agricultural soils play a key role in the achievement of a circular nutrient economy. The use of sewage sludges as fertilizers is important for such an achievement, assisting in the maintenance of soil health and nutritional crop value. This study was established, after 23 years of a fertilization experiment, in calcareous soil under a maize monoculture. The treatments included mineral fertilization as a control (MIN, 225 kg N ha−1) and two sludge treatments, where doses followed a threshold sludge nitrogen criterion (SNC, 170 kg org-N ha−1) or a threshold soil phosphorus criterion (SPC; when the soil Olsen-P value exceeded 40-60 kg P ha−1, the sludge application was stopped). A detailed study was performed on Cd, Cu, F, Mn, Pb, and Zn soil extractable with diethylenetriaminepentaacetic acid (DTPA), as well as the nutrient and heavy metal concentration of different fractions of the maize plant (grain, cob, and the rest of the plant). Extractions were also quantified. No biomass-yield differences were observed in the different parts of the maize plant in the year of sampling. Sludges increased the soil DTPA extraction of Cd, Cu, Fe, and Zn and diminished Mn extraction, without differences in extractable Pb. The SNC, when compared with MIN, showed increased P cob concentrations, and in grain, it showed increased Fe, Cr, and Co concentrations.The SPC figures of the studied parameters were, in general, between both treatments (MIN and SNC), although Cr extractions in grain diminished vs. SNC. Based on the results, the SPC can be recommended as it also avoids excessive available-P build up.</subfield>
   </datafield>
   <datafield ind2=" " ind1=" " tag="520">
      <subfield code="a">Spanish Ministry of Economy and Competitiveness and the Spanish National Institute for Agricultural Research and Experimentation (MINECO-INIA) through the project RTA2017-88-C3-3. The experimental site maintenance was funded by IRTA-Mas Badia and the Department of Climate Action, Food and Rural Agenda from Generalitat de Catalunya, Catalonia, Spain.</subfield>
   </datafield>
   <datafield tag="653" ind2=" " ind1=" ">
      <subfield code="a">Chrome</subfield>
   </datafield>
   <datafield tag="653" ind2=" " ind1=" ">
      <subfield code="a">DTPA</subfield>
   </datafield>
   <datafield tag="653" ind2=" " ind1=" ">
      <subfield code="a">Available phosphorus</subfield>
   </datafield>
   <datafield tag="653" ind2=" " ind1=" ">
      <subfield code="a">Iron</subfield>
   </datafield>
   <datafield tag="653" ind2=" " ind1=" ">
      <subfield code="a">Zinc</subfield>
   </datafield>
   <datafield ind2="0" ind1="0" tag="245">
      <subfield code="a">Long-term amendment with sewage sludge: effects on nutrient value and trace-metal content in different parts of maize plants</subfield>
   </datafield>
</record></metadata></record></GetRecord></OAI-PMH>